[Event "DVM U20 2020"]
[Site "Willingen GER"]
[Date "2021.06.27"]
[Round "7"]
[White "Schmider, Niklas"]
[Black "Stelmaszyk, Nico"]
[Result "0-1"]
[Termination "normal"]
[Board "3.1"]
[WhiteTitle "FM"]
[BlackTitle "FM"]
[WhiteElo "2303"]
[BlackElo "2299"]
[WhiteClock "00:29:02"]
[BlackClock "00:25:28"]
[WhiteTeam "OSG Baden-Baden"]
[BlackTeam "SK Lehrte von 1919 e. V."]
[PlyCount "100"]
[WhiteFideId "12993778"]
[BlackFideId "16200462"]
[EventCountry "GER"]
[EventRounds "7"]
[EventType "team-swiss"]
[EventDate "2021.06.23"]

1. c4 {[%clk 01:30:46]} {[%emt 00:00:13]} c5 {[%clk 01:29:29]} {[%emt
00:01:31]} 2. Nf3 {[%clk 01:30:21]} {[%emt 00:00:55]} Nc6 {[%clk 01:28:03]}
{[%emt 00:01:57]} 3. Nc3 {[%clk 01:30:19]} {[%emt 00:00:31]} e6 {[%clk
01:28:03]} {[%emt 00:00:30]} 4. g3 {[%clk 01:29:54]} {[%emt 00:00:55]} d5
{[%clk 01:27:50]} {[%emt 00:00:44]} 5. cxd5 {[%clk 01:29:46]} {[%emt 00:00:38]}
exd5 {[%clk 01:28:15]} {[%emt 00:00:05]} 6. d4 {[%clk 01:29:59]} {[%emt
00:00:17]} c4 {[%clk 01:27:55]} {[%emt 00:00:50]} 7. Bg2 {[%clk 01:28:25]}
{[%emt 00:02:03]} Bb4 {[%clk 01:27:52]} {[%emt 00:00:34]} 8. O-O {[%clk
01:26:56]} {[%emt 00:01:59]} Nge7 {[%clk 01:25:22]} {[%emt 00:02:59]} 9. Ne5
{[%clk 01:19:17]} {[%emt 00:08:09]} O-O {[%clk 01:25:35]} {[%emt 00:00:16]} 10.
e4 {[%clk 01:00:54]} {[%emt 00:18:54]} Nxe5 {[%clk 01:05:53]} {[%emt 00:20:13]}
11. dxe5 {[%clk 01:01:16]} {[%emt 00:00:07]} d4 {[%clk 01:02:10]} {[%emt
00:04:14]} 12. Nd5 {[%clk 00:58:09]} {[%emt 00:03:35]} Nxd5 {[%clk 00:54:56]}
{[%emt 00:07:45]} 13. exd5 {[%clk 00:58:31]} {[%emt 00:00:08]} Qb6 {[%clk
00:55:08]} {[%emt 00:00:18]} 14. Qa4 {[%clk 00:45:23]} {[%emt 00:13:38]} Qc5
{[%clk 00:43:11]} {[%emt 00:12:28]} 15. a3 {[%clk 00:41:11]} {[%emt 00:04:40]}
Ba5 {[%clk 00:42:49]} {[%emt 00:00:53]} 16. b4 {[%clk 00:37:59]} {[%emt
00:03:42]} cxb3 {[%clk 00:43:02]} {[%emt 00:00:17]} 17. Bb2 {[%clk 00:37:14]}
{[%emt 00:01:15]} Bc3 {[%clk 00:40:25]} {[%emt 00:03:08]} 18. Qxb3 {[%clk
00:36:01]} {[%emt 00:01:42]} Bf5 {[%clk 00:38:51]} {[%emt 00:02:04]} 19. Rac1
{[%clk 00:29:18]} {[%emt 00:07:12]} Rac8 {[%clk 00:36:59]} {[%emt 00:02:23]}
20. Bxc3 {[%clk 00:23:36]} {[%emt 00:06:13]} dxc3 {[%clk 00:37:15]} {[%emt
00:00:15]} 21. Rfe1 {[%clk 00:22:27]} {[%emt 00:01:38]} b5 {[%clk 00:35:23]}
{[%emt 00:02:21]} 22. Re3 {[%clk 00:21:19]} {[%emt 00:01:38]} c2 {[%clk
00:32:43]} {[%emt 00:03:10]} 23. Be4 {[%clk 00:16:59]} {[%emt 00:04:49]} Bxe4
{[%clk 00:29:57]} {[%emt 00:03:17]} 24. Rxe4 {[%clk 00:17:19]} {[%emt
00:00:11]} Qc3 {[%clk 00:28:40]} {[%emt 00:01:46]} 25. Qxc3 {[%clk 00:14:50]}
{[%emt 00:02:58]} Rxc3 {[%clk 00:26:42]} {[%emt 00:02:30]} 26. Re2 {[%clk
00:12:17]} {[%emt 00:03:02]} Rfc8 {[%clk 00:19:53]} {[%emt 00:07:20]} 27. d6
{[%clk 00:11:14]} {[%emt 00:01:32]} Kf8 {[%clk 00:19:56]} {[%emt 00:00:27]} 28.
d7 {[%clk 00:06:30]} {[%emt 00:05:15]} Rd8 {[%clk 00:20:09]} {[%emt 00:00:17]}
29. Rcxc2 {[%clk 00:06:27]} {[%emt 00:00:32]} Rxa3 {[%clk 00:15:13]} {[%emt
00:05:26]} 30. Rc7 {[%clk 00:06:24]} {[%emt 00:00:33]} Ke7 {[%clk 00:14:48]}
{[%emt 00:00:55]} 31. Rb7 {[%clk 00:04:49]} {[%emt 00:02:04]} a6 {[%clk
00:10:05]} {[%emt 00:05:14]} 32. Rd2 {[%clk 00:05:13]} {[%emt 00:00:06]} Ra4
{[%clk 00:05:46]} {[%emt 00:04:49]} 33. Kg2 {[%clk 00:04:54]} {[%emt 00:00:49]}
b4 {[%clk 00:05:33]} {[%emt 00:00:42]} 34. Rd5 {[%clk 00:05:05]} {[%emt
00:00:19]} a5 {[%clk 00:03:14]} {[%emt 00:02:50]} 35. Kf3 {[%clk 00:04:23]}
{[%emt 00:01:12]} Ra3+ {[%clk 00:02:15]} {[%emt 00:01:30]} 36. Ke2 {[%clk
00:03:40]} {[%emt 00:01:12]} b3 {[%clk 00:02:33]} {[%emt 00:00:11]} 37. Kd2
{[%clk 00:02:39]} {[%emt 00:01:31]} Ra2+ {[%clk 00:02:42]} {[%emt 00:00:23]}
38. Kc1 {[%clk 00:02:57]} {[%emt 00:00:10]} a4 {[%clk 00:02:25]} {[%emt
00:00:47]} 39. f4 {[%clk 00:02:38]} {[%emt 00:00:49]} Rxh2 {[%clk 00:02:10]}
{[%emt 00:00:45]} 40. Kb1 {[%clk 00:02:09]} {[%emt 00:00:59]} Rg2 {[%clk
00:01:25]} {[%emt 00:01:16]} 41. Rd3 {[%clk 00:02:29]} {[%emt 00:00:11]} g6
{[%clk 00:28:03]} {[%emt 00:03:52]} 42. Ra7 {[%clk 00:32:13]} {[%emt 00:00:45]}
h5 {[%clk 00:24:26]} {[%emt 00:04:07]} 43. Rxa4 {[%clk 00:27:07]} {[%emt
00:05:37]} Rxd7 {[%clk 00:24:46]} {[%emt 00:00:09]} 44. Rxd7+ {[%clk 00:27:31]}
{[%emt 00:00:07]} Kxd7 {[%clk 00:25:11]} {[%emt 00:00:04]} 45. Ra7+ {[%clk
00:27:55]} {[%emt 00:00:05]} Ke6 {[%clk 00:25:20]} {[%emt 00:00:23]} 46. Ra6+
{[%clk 00:28:12]} {[%emt 00:00:12]} Ke7 {[%clk 00:24:59]} {[%emt 00:00:51]} 47.
Ra7+ {[%clk 00:28:36]} {[%emt 00:00:06]} Kf8 {[%clk 00:25:23]} {[%emt
00:00:06]} 48. Ra8+ {[%clk 00:28:49]} {[%emt 00:00:18]} Kg7 {[%clk 00:25:44]}
{[%emt 00:00:08]} 49. Ra7 {[%clk 00:28:39]} {[%emt 00:00:40]} Rxg3 {[%clk
00:25:11]} {[%emt 00:01:03]} 50. e6 {[%clk 00:29:02]} {[%emt 00:00:08]} Kf6
{[%clk 00:25:28]} {[%emt 00:00:12]} 0-1

[Event "DVM U20 2020"]
[Site "Willingen GER"]
[Date "2021.06.27"]
[Round "7"]
[White "Meiwes, Thore"]
[Black "Trifan, Andrei Ioan"]
[Result "1-0"]
[Termination "normal"]
[Board "3.2"]
[WhiteElo "2054"]
[BlackElo "2237"]
[WhiteClock "00:26:06"]
[BlackClock "00:12:05"]
[WhiteTeam "SK Lehrte von 1919 e. V."]
[BlackTeam "OSG Baden-Baden"]
[PlyCount "117"]
[WhiteFideId "16201256"]
[BlackFideId "12967068"]
[EventCountry "GER"]
[EventRounds "7"]
[EventType "team-swiss"]
[EventDate "2021.06.23"]

1. d4 {[%clk 01:30:57]} {[%emt 00:00:02]} Nf6 {[%clk 01:30:47]} {[%emt
00:00:13]} 2. Bf4 {[%clk 01:31:21]} {[%emt 00:00:07]} c5 {[%clk 01:30:11]}
{[%emt 00:01:06]} 3. e3 {[%clk 01:31:43]} {[%emt 00:00:08]} Nd5 {[%clk
01:30:11]} {[%emt 00:00:30]} 4. Bg3 {[%clk 01:29:50]} {[%emt 00:02:23]} Qb6
{[%clk 01:26:12]} {[%emt 00:04:29]} 5. Nc3 {[%clk 01:30:08]} {[%emt 00:00:12]}
Nxc3 {[%clk 01:25:59]} {[%emt 00:00:43]} 6. bxc3 {[%clk 01:30:35]} {[%emt
00:00:02]} d5 {[%clk 01:24:41]} {[%emt 00:01:47]} 7. Rb1 {[%clk 01:19:10]}
{[%emt 00:11:56]} Qa5 {[%clk 01:22:25]} {[%emt 00:02:46]} 8. Bb5+ {[%clk
01:18:28]} {[%emt 00:01:12]} Bd7 {[%clk 01:21:52]} {[%emt 00:01:03]} 9. Bxd7+
{[%clk 01:18:09]} {[%emt 00:00:49]} Nxd7 {[%clk 01:22:04]} {[%emt 00:00:18]}
10. Ne2 {[%clk 01:18:10]} {[%emt 00:00:29]} b6 {[%clk 01:21:11]} {[%emt
00:01:23]} 11. Rb2 {[%clk 01:13:15]} {[%emt 00:05:25]} c4 {[%clk 01:17:00]}
{[%emt 00:04:41]} 12. O-O {[%clk 01:13:19]} {[%emt 00:00:26]} e6 {[%clk
01:14:50]} {[%emt 00:02:41]} 13. f3 {[%clk 01:10:37]} {[%emt 00:03:11]} Ba3
{[%clk 01:10:54]} {[%emt 00:04:26]} 14. Rb1 {[%clk 01:10:29]} {[%emt 00:00:38]}
Nf6 {[%clk 01:10:17]} {[%emt 00:01:07]} 15. Qd2 {[%clk 01:09:20]} {[%emt
00:01:39]} O-O {[%clk 01:09:50]} {[%emt 00:00:57]} 16. Bh4 {[%clk 01:06:57]}
{[%emt 00:02:53]} Be7 {[%clk 01:07:26]} {[%emt 00:02:54]} 17. Bxf6 {[%clk
01:02:47]} {[%emt 00:04:40]} Bxf6 {[%clk 01:07:08]} {[%emt 00:00:48]} 18. e4
{[%clk 01:03:09]} {[%emt 00:00:08]} Rad8 {[%clk 01:00:09]} {[%emt 00:07:29]}
19. e5 {[%clk 00:59:24]} {[%emt 00:04:15]} Be7 {[%clk 00:58:41]} {[%emt
00:01:58]} 20. f4 {[%clk 00:59:03]} {[%emt 00:00:51]} f6 {[%clk 00:56:27]}
{[%emt 00:02:44]} 21. exf6 {[%clk 00:53:01]} {[%emt 00:06:33]} Rxf6 {[%clk
00:54:51]} {[%emt 00:02:06]} 22. g3 {[%clk 00:51:40]} {[%emt 00:01:50]} Qa4
{[%clk 00:46:20]} {[%emt 00:09:01]} 23. Kg2 {[%clk 00:50:37]} {[%emt 00:01:32]}
Qe8 {[%clk 00:45:51]} {[%emt 00:00:59]} 24. Ng1 {[%clk 00:50:15]} {[%emt
00:00:52]} Qh5 {[%clk 00:42:38]} {[%emt 00:03:44]} 25. Qe2 {[%clk 00:47:53]}
{[%emt 00:02:53]} Qg6 {[%clk 00:37:41]} {[%emt 00:05:26]} 26. Kh1 {[%clk
00:46:18]} {[%emt 00:02:04]} h5 {[%clk 00:36:40]} {[%emt 00:01:32]} 27. Nf3
{[%clk 00:45:25]} {[%emt 00:01:23]} Qg4 {[%clk 00:35:45]} {[%emt 00:01:25]} 28.
Rfe1 {[%clk 00:44:26]} {[%emt 00:01:29]} Rh6 {[%clk 00:34:05]} {[%emt
00:02:10]} 29. Ne5 {[%clk 00:41:54]} {[%emt 00:03:01]} Qf5 {[%clk 00:33:15]}
{[%emt 00:01:21]} 30. Rf1 {[%clk 00:40:27]} {[%emt 00:01:56]} Bf6 {[%clk
00:28:12]} {[%emt 00:05:35]} 31. Kg2 {[%clk 00:37:11]} {[%emt 00:03:44]} Bxe5
{[%clk 00:22:06]} {[%emt 00:06:37]} 32. fxe5 {[%clk 00:34:31]} {[%emt
00:03:11]} Qg6 {[%clk 00:22:12]} {[%emt 00:00:23]} 33. Rf4 {[%clk 00:28:07]}
{[%emt 00:06:53]} h4 {[%clk 00:20:24]} {[%emt 00:02:18]} 34. g4 {[%clk
00:26:51]} {[%emt 00:01:47]} h3+ {[%clk 00:19:32]} {[%emt 00:01:22]} 35. Kh1
{[%clk 00:24:20]} {[%emt 00:03:00]} Rf8 {[%clk 00:18:50]} {[%emt 00:01:13]} 36.
Rbf1 {[%clk 00:24:49]} {[%emt 00:00:01]} Rxf4 {[%clk 00:17:47]} {[%emt
00:01:33]} 37. Rxf4 {[%clk 00:25:17]} {[%emt 00:00:02]} Qg5 {[%clk 00:17:56]}
{[%emt 00:00:21]} 38. Qf2 {[%clk 00:22:02]} {[%emt 00:03:45]} Qe7 {[%clk
00:13:59]} {[%emt 00:04:27]} 39. Qf1 {[%clk 00:15:06]} {[%emt 00:07:26]} Qh4
{[%clk 00:11:14]} {[%emt 00:03:14]} 40. Kg1 {[%clk 00:13:12]} {[%emt 00:02:24]}
Rg6 {[%clk 00:07:10]} {[%emt 00:04:34]} 41. Qe2 {[%clk 00:13:27]} {[%emt
00:00:14]} Qe7 {[%clk 00:04:17]} {[%emt 00:03:22]} 42. Qf1 {[%clk 00:09:53]}
{[%emt 00:04:05]} Qa3 {[%clk 00:29:07]} {[%emt 00:05:39]} 43. Qa1 {[%clk
00:38:10]} {[%emt 00:02:13]} b5 {[%clk 00:27:42]} {[%emt 00:01:56]} 44. Kf2
{[%clk 00:38:21]} {[%emt 00:00:18]} a5 {[%clk 00:25:35]} {[%emt 00:02:37]} 45.
Kg3 {[%clk 00:31:30]} {[%emt 00:07:21]} b4 {[%clk 00:24:50]} {[%emt 00:01:16]}
46. Rf3 {[%clk 00:30:37]} {[%emt 00:01:22]} b3 {[%clk 00:24:48]} {[%emt
00:00:31]} 47. cxb3 {[%clk 00:30:59]} {[%emt 00:00:09]} cxb3 {[%clk 00:25:07]}
{[%emt 00:00:11]} 48. Rf2 {[%clk 00:30:32]} {[%emt 00:00:57]} Rh6 {[%clk
00:24:59]} {[%emt 00:00:38]} 49. g5 {[%clk 00:28:30]} {[%emt 00:02:31]} Rg6
{[%clk 00:23:19]} {[%emt 00:02:10]} 50. Kg4 {[%clk 00:28:31]} {[%emt 00:00:30]}
bxa2 {[%clk 00:15:09]} {[%emt 00:08:40]} 51. Rxa2 {[%clk 00:27:56]} {[%emt
00:01:05]} Qf8 {[%clk 00:15:15]} {[%emt 00:00:24]} 52. Qb1 {[%clk 00:28:06]}
{[%emt 00:00:21]} Kh7 {[%clk 00:15:22]} {[%emt 00:00:23]} 53. Qd3 {[%clk
00:28:00]} {[%emt 00:00:36]} Qd8 {[%clk 00:11:13]} {[%emt 00:04:38]} 54. Qxh3+
{[%clk 00:27:43]} {[%emt 00:00:46]} Kg8 {[%clk 00:11:32]} {[%emt 00:00:12]} 55.
Qe3 {[%clk 00:28:02]} {[%emt 00:00:11]} Qb6 {[%clk 00:11:09]} {[%emt 00:00:55]}
56. Qd3 {[%clk 00:26:52]} {[%emt 00:01:38]} Qb3 {[%clk 00:11:32]} {[%emt
00:00:08]} 57. Rf2 {[%clk 00:25:51]} {[%emt 00:01:29]} a4 {[%clk 00:11:39]}
{[%emt 00:00:26]} 58. Qxg6 {[%clk 00:26:12]} {[%emt 00:00:07]} Qd1+ {[%clk
00:12:05]} {[%emt 00:00:04]} 59. Kh4 {[%clk 00:26:06]} {[%emt 00:00:34]} 1-0

[Event "DVM U20 2020"]
[Site "Willingen GER"]
[Date "2021.06.27"]
[Round "7"]
[White "Wu, Luka"]
[Black "Reimer, Philip"]
[Result "1-0"]
[Termination "normal"]
[Board "3.3"]
[WhiteElo "2065"]
[BlackElo "1993"]
[WhiteClock "00:35:47"]
[BlackClock "00:30:28"]
[WhiteTeam "OSG Baden-Baden"]
[BlackTeam "SK Lehrte von 1919 e. V."]
[PlyCount "87"]
[WhiteFideId "12977420"]
[BlackFideId "16235860"]
[EventCountry "GER"]
[EventRounds "7"]
[EventType "team-swiss"]
[EventDate "2021.06.23"]

1. e4 {[%clk 01:30:58]} {[%emt 00:00:01]} c5 {[%clk 01:30:55]} {[%emt
00:00:06]} 2. Nf3 {[%clk 01:31:23]} {[%emt 00:00:05]} Nc6 {[%clk 01:31:21]}
{[%emt 00:00:03]} 3. d4 {[%clk 01:31:50]} {[%emt 00:00:04]} cxd4 {[%clk
01:31:47]} {[%emt 00:00:04]} 4. Nxd4 {[%clk 01:32:16]} {[%emt 00:00:05]} Nf6
{[%clk 01:32:11]} {[%emt 00:00:05]} 5. Nc3 {[%clk 01:32:41]} {[%emt 00:00:04]}
e5 {[%clk 01:32:35]} {[%emt 00:00:06]} 6. Ndb5 {[%clk 01:33:07]} {[%emt
00:00:05]} d6 {[%clk 01:33:00]} {[%emt 00:00:04]} 7. Bg5 {[%clk 01:33:33]}
{[%emt 00:00:05]} a6 {[%clk 01:33:26]} {[%emt 00:00:04]} 8. Na3 {[%clk
01:34:00]} {[%emt 00:00:03]} b5 {[%clk 01:33:51]} {[%emt 00:00:05]} 9. Bxf6
{[%clk 01:34:19]} {[%emt 00:00:11]} gxf6 {[%clk 01:34:15]} {[%emt 00:00:05]}
10. Nd5 {[%clk 01:34:46]} {[%emt 00:00:04]} Bg7 {[%clk 01:34:39]} {[%emt
00:00:06]} 11. Bd3 {[%clk 01:35:07]} {[%emt 00:00:08]} Ne7 {[%clk 01:34:19]}
{[%emt 00:00:49]} 12. Nxe7 {[%clk 01:25:49]} {[%emt 00:09:48]} Qxe7 {[%clk
01:34:47]} {[%emt 00:00:03]} 13. c4 {[%clk 01:25:48]} {[%emt 00:00:31]} O-O
{[%clk 01:20:58]} {[%emt 00:14:18]} 14. O-O {[%clk 01:25:01]} {[%emt 00:01:17]}
f5 {[%clk 01:19:26]} {[%emt 00:02:03]} 15. Qf3 {[%clk 01:25:14]} {[%emt
00:00:17]} bxc4 {[%clk 01:11:53]} {[%emt 00:08:02]} 16. Nxc4 {[%clk 01:25:21]}
{[%emt 00:00:23]} d5 {[%clk 01:07:02]} {[%emt 00:05:21]} 17. exd5 {[%clk
01:25:43]} {[%emt 00:00:09]} e4 {[%clk 01:07:01]} {[%emt 00:00:30]} 18. Qe3
{[%clk 01:25:51]} {[%emt 00:00:22]} Qf6 {[%clk 01:04:32]} {[%emt 00:02:59]} 19.
Be2 {[%clk 01:21:49]} {[%emt 00:04:32]} Bb7 {[%clk 01:01:08]} {[%emt 00:03:54]}
20. Rfd1 {[%clk 00:50:04]} {[%emt 00:32:15]} Rad8 {[%clk 00:51:48]} {[%emt
00:09:50]} 21. d6 {[%clk 00:42:49]} {[%emt 00:07:45]} f4 {[%clk 00:40:20]}
{[%emt 00:11:57]} 22. Qa7 {[%clk 00:42:15]} {[%emt 00:01:04]} Ba8 {[%clk
00:35:16]} {[%emt 00:05:34]} 23. Bf1 {[%clk 00:42:21]} {[%emt 00:00:25]} e3
{[%clk 00:26:08]} {[%emt 00:09:38]} 24. fxe3 {[%clk 00:26:26]} {[%emt
00:16:24]} f3 {[%clk 00:24:30]} {[%emt 00:02:08]} 25. Qd4 {[%clk 00:24:38]}
{[%emt 00:02:18]} Qg6 {[%clk 00:16:54]} {[%emt 00:08:06]} 26. Qf4 {[%clk
00:21:47]} {[%emt 00:03:21]} Rfe8 {[%clk 00:12:36]} {[%emt 00:04:48]} 27. Qg3
{[%clk 00:18:09]} {[%emt 00:04:08]} Qh5 {[%clk 00:08:37]} {[%emt 00:04:29]} 28.
Rd4 {[%clk 00:13:33]} {[%emt 00:05:07]} Re6 {[%clk 00:03:53]} {[%emt 00:05:15]}
29. Bd3 {[%clk 00:10:23]} {[%emt 00:03:40]} Kf8 {[%clk 00:02:46]} {[%emt
00:01:38]} 30. Rh4 {[%clk 00:08:55]} {[%emt 00:01:57]} Qd5 {[%clk 00:01:02]}
{[%emt 00:02:13]} 31. Rxh7 {[%clk 00:08:54]} {[%emt 00:00:32]} Bd4 {[%clk
00:00:33]} {[%emt 00:00:58]} 32. exd4 {[%clk 00:06:43]} {[%emt 00:02:42]} Qxd4+
{[%clk 00:00:57]} {[%emt 00:00:04]} 33. Qf2 {[%clk 00:07:09]} {[%emt 00:00:05]}
Qxd3 {[%clk 00:00:41]} {[%emt 00:00:46]} 34. Rh8+ {[%clk 00:07:11]} {[%emt
00:00:28]} Kg7 {[%clk 00:01:05]} {[%emt 00:00:07]} 35. Rxd8 {[%clk 00:06:57]}
{[%emt 00:00:43]} Rg6 {[%clk 00:00:31]} {[%emt 00:01:03]} 36. g3 {[%clk
00:07:01]} {[%emt 00:00:28]} Qxc4 {[%clk 00:00:35]} {[%emt 00:00:26]} 37. Rxa8
{[%clk 00:05:36]} {[%emt 00:01:54]} Qd5 {[%clk 00:01:04]} {[%emt 00:00:01]} 38.
Rd8 {[%clk 00:05:30]} {[%emt 00:00:36]} Re6 {[%clk 00:01:25]} {[%emt 00:00:10]}
39. Rf1 {[%clk 00:05:24]} {[%emt 00:00:35]} Re2 {[%clk 00:00:43]} {[%emt
00:01:12]} 40. Qxf3 {[%clk 00:05:29]} {[%emt 00:00:26]} Qd4+ {[%clk 00:00:53]}
{[%emt 00:00:18]} 41. Kh1 {[%clk 00:05:24]} {[%emt 00:00:36]} Qxb2 {[%clk
00:29:40]} {[%emt 00:01:42]} 42. Qxf7+ {[%clk 00:35:03]} {[%emt 00:00:51]} Kh6
{[%clk 00:30:06]} {[%emt 00:00:04]} 43. Rf6+ {[%clk 00:35:23]} {[%emt
00:00:11]} Kg5 {[%clk 00:30:28]} {[%emt 00:00:07]} 44. Rg8# {[%clk 00:35:47]}
{[%emt 00:00:06]} 1-0

[Event "DVM U20 2020"]
[Site "Willingen GER"]
[Date "2021.06.27"]
[Round "7"]
[White "Dornieden, Jonas"]
[Black "Wu, Leon"]
[Result "0-1"]
[Termination "normal"]
[Board "3.4"]
[WhiteElo "2079"]
[BlackElo "1981"]
[WhiteClock "00:07:25"]
[BlackClock "00:12:22"]
[WhiteTeam "SK Lehrte von 1919 e. V."]
[BlackTeam "OSG Baden-Baden"]
[PlyCount "56"]
[WhiteFideId "1336460"]
[BlackFideId "12977438"]
[EventCountry "GER"]
[EventRounds "7"]
[EventType "team-swiss"]
[EventDate "2021.06.23"]

1. d4 {[%clk 01:30:57]} {[%emt 00:00:02]} Nf6 {[%clk 01:30:51]} {[%emt
00:00:09]} 2. c4 {[%clk 01:31:22]} {[%emt 00:00:05]} e6 {[%clk 01:31:15]}
{[%emt 00:00:06]} 3. Nf3 {[%clk 01:31:47]} {[%emt 00:00:05]} b6 {[%clk
01:31:26]} {[%emt 00:00:19]} 4. g3 {[%clk 01:32:12]} {[%emt 00:00:05]} Ba6
{[%clk 01:31:43]} {[%emt 00:00:13]} 5. Qc2 {[%clk 01:31:24]} {[%emt 00:01:18]}
c5 {[%clk 01:25:08]} {[%emt 00:07:05]} 6. b3 {[%clk 01:13:35]} {[%emt
00:18:18]} d5 {[%clk 01:23:22]} {[%emt 00:02:16]} 7. Bg2 {[%clk 01:08:07]}
{[%emt 00:05:58]} Be7 {[%clk 01:18:37]} {[%emt 00:05:15]} 8. O-O {[%clk
01:06:18]} {[%emt 00:02:19]} O-O {[%clk 01:13:50]} {[%emt 00:05:17]} 9. Bb2
{[%clk 01:02:57]} {[%emt 00:03:51]} Nc6 {[%clk 01:11:06]} {[%emt 00:03:15]} 10.
Rd1 {[%clk 00:59:56]} {[%emt 00:03:30]} cxd4 {[%clk 01:01:32]} {[%emt
00:10:04]} 11. cxd5 {[%clk 00:54:59]} {[%emt 00:05:27]} Nb4 {[%clk 01:00:26]}
{[%emt 00:01:36]} 12. Qd2 {[%clk 00:46:59]} {[%emt 00:08:30]} d3 {[%clk
00:42:17]} {[%emt 00:18:39]} 13. exd3 {[%clk 00:39:08]} {[%emt 00:08:21]} Nxd3
{[%clk 00:36:19]} {[%emt 00:06:28]} 14. Ne5 {[%clk 00:22:45]} {[%emt 00:16:53]}
Bb4 {[%clk 00:28:18]} {[%emt 00:08:31]} 15. Bc3 {[%clk 00:19:26]} {[%emt
00:03:50]} Bxc3 {[%clk 00:28:42]} {[%emt 00:00:05]} 16. Qxc3 {[%clk 00:19:38]}
{[%emt 00:00:18]} Rc8 {[%clk 00:23:11]} {[%emt 00:06:01]} 17. Qd4 {[%clk
00:18:34]} {[%emt 00:01:33]} Nxe5 {[%clk 00:23:16]} {[%emt 00:00:26]} 18. Qxe5
{[%clk 00:18:57]} {[%emt 00:00:07]} Nxd5 {[%clk 00:22:04]} {[%emt 00:01:42]}
19. Bxd5 {[%clk 00:18:36]} {[%emt 00:00:51]} exd5 {[%clk 00:21:30]} {[%emt
00:01:04]} 20. Nc3 {[%clk 00:18:01]} {[%emt 00:01:05]} Re8 {[%clk 00:18:06]}
{[%emt 00:03:54]} 21. Qd4 {[%clk 00:18:10]} {[%emt 00:00:20]} Bb7 {[%clk
00:17:26]} {[%emt 00:01:11]} 22. Nxd5 {[%clk 00:18:01]} {[%emt 00:00:39]} Bxd5
{[%clk 00:17:32]} {[%emt 00:00:24]} 23. Rd2 {[%clk 00:12:55]} {[%emt 00:05:35]}
Bb7 {[%clk 00:15:38]} {[%emt 00:02:24]} 24. Qf4 {[%clk 00:09:34]} {[%emt
00:03:51]} Qc7 {[%clk 00:14:38]} {[%emt 00:01:31]} 25. Qxc7 {[%clk 00:09:23]}
{[%emt 00:00:41]} Rxc7 {[%clk 00:15:01]} {[%emt 00:00:08]} 26. Rad1 {[%clk
00:09:04]} {[%emt 00:00:48]} Kf8 {[%clk 00:14:49]} {[%emt 00:00:42]} 27. f4
{[%clk 00:08:14]} {[%emt 00:01:19]} Bf3 {[%clk 00:12:37]} {[%emt 00:02:42]} 28.
Rd7 {[%clk 00:07:25]} {[%emt 00:01:19]} Rec8 {[%clk 00:12:22]} {[%emt
00:00:45]} 0-1

[Event "DVM U20 2020"]
[Site "Willingen GER"]
[Date "2021.06.27"]
[Round "7"]
[White "Jurga, Jonas Vincent"]
[Black "Brockmeyer, Tobias"]
[Result "1/2-1/2"]
[Termination "normal"]
[Board "3.5"]
[WhiteElo "1907"]
[BlackElo "1890"]
[WhiteClock "00:42:47"]
[BlackClock "00:16:45"]
[WhiteTeam "OSG Baden-Baden"]
[BlackTeam "SK Lehrte von 1919 e. V."]
[PlyCount "46"]
[WhiteFideId "12968013"]
[BlackFideId "12982385"]
[EventCountry "GER"]
[EventRounds "7"]
[EventType "team-swiss"]
[EventDate "2021.06.23"]

1. e4 {[%clk 01:30:57]} {[%emt 00:00:02]} e6 {[%clk 01:30:59]} {[%emt
00:00:02]} 2. d4 {[%clk 01:31:20]} {[%emt 00:00:07]} d5 {[%clk 01:31:26]}
{[%emt 00:00:03]} 3. Nc3 {[%clk 01:31:45]} {[%emt 00:00:05]} dxe4 {[%clk
01:31:45]} {[%emt 00:00:12]} 4. Nxe4 {[%clk 01:32:09]} {[%emt 00:00:06]} Nd7
{[%clk 01:32:11]} {[%emt 00:00:04]} 5. Nf3 {[%clk 01:32:27]} {[%emt 00:00:12]}
Ngf6 {[%clk 01:32:37]} {[%emt 00:00:05]} 6. Bd3 {[%clk 01:32:48]} {[%emt
00:00:08]} Be7 {[%clk 01:29:33]} {[%emt 00:03:34]} 7. Qe2 {[%clk 01:31:56]}
{[%emt 00:01:21]} Nxe4 {[%clk 01:27:18]} {[%emt 00:02:46]} 8. Bxe4 {[%clk
01:31:30]} {[%emt 00:00:55]} Nf6 {[%clk 01:27:42]} {[%emt 00:00:06]} 9. Bg5
{[%clk 01:31:17]} {[%emt 00:00:43]} c5 {[%clk 01:06:44]} {[%emt 00:21:29]} 10.
dxc5 {[%clk 01:23:46]} {[%emt 00:08:00]} Qa5+ {[%clk 01:05:46]} {[%emt
00:01:28]} 11. Bd2 {[%clk 01:21:07]} {[%emt 00:03:10]} Qxc5 {[%clk 01:06:04]}
{[%emt 00:00:11]} 12. O-O {[%clk 01:20:21]} {[%emt 00:01:16]} Bd7 {[%clk
00:52:33]} {[%emt 00:14:01]} 13. Be3 {[%clk 00:57:41]} {[%emt 00:23:09]} Qc7
{[%clk 00:50:14]} {[%emt 00:02:49]} 14. Bd3 {[%clk 00:54:11]} {[%emt 00:04:00]}
Nd5 {[%clk 00:43:28]} {[%emt 00:07:16]} 15. c4 {[%clk 00:51:44]} {[%emt
00:02:57]} Nf4 {[%clk 00:38:51]} {[%emt 00:05:07]} 16. Bxf4 {[%clk 00:50:15]}
{[%emt 00:01:59]} Qxf4 {[%clk 00:39:20]} {[%emt 00:00:02]} 17. Qe4 {[%clk
00:50:17]} {[%emt 00:00:27]} Qxe4 {[%clk 00:38:57]} {[%emt 00:00:53]} 18. Bxe4
{[%clk 00:45:46]} {[%emt 00:05:01]} Bf6 {[%clk 00:31:16]} {[%emt 00:08:12]} 19.
Rab1 {[%clk 00:43:33]} {[%emt 00:02:42]} Rc8 {[%clk 00:25:17]} {[%emt
00:06:28]} 20. b3 {[%clk 00:41:59]} {[%emt 00:02:04]} Bc6 {[%clk 00:20:54]}
{[%emt 00:04:54]} 21. Bxc6+ {[%clk 00:42:19]} {[%emt 00:00:10]} Rxc6 {[%clk
00:21:23]} {[%emt 00:00:01]} 22. Rfd1 {[%clk 00:42:33]} {[%emt 00:00:15]} Ke7
{[%clk 00:21:19]} {[%emt 00:00:36]} 23. Kf1 {[%clk 00:42:47]} {[%emt 00:00:15]}
Rd8 {[%clk 00:16:45]} {[%emt 00:05:03]} 1/2-1/2